00314nam a2200121Ia 4500008004100000041000800041082001400049100001800063245004500081260003400126300002500160365000700185240624s9999 xx 000 0 und d aeng a158.1 CAR aCARNEGIE DALE aHOW TO DEVELOP SELF CONFIDENCE AND INFLU c1956aNew YorkbPockets Books avi, : 243 : cm. ; 18 cRS